000
00190 a2200097 4500
001
11169
100
_a
K. Singh
245
_a
The Sikhs
260
_a
_b
George Allen
_c
090
_c
8723
_d
8723
942
_a
NUST-CAE
_c
M
_c
35515
999
_c
246242
_d
246242